<?xml version="1.0" encoding="UTF-8"?>
<record
    xmlns:xsi="http://www.w3.org/2001/XMLSchema-instance"
    xsi:schemaLocation="http://www.loc.gov/MARC21/slim http://www.loc.gov/standards/marcxml/schema/MARC21slim.xsd"
    xmlns="http://www.loc.gov/MARC21/slim">

  <leader>01886    a2200229   4500</leader>
  <controlfield tag="001">28196</controlfield>
  <controlfield tag="005">20260407155554.0</controlfield>
  <controlfield tag="008">260407a1963    arg                 spa d</controlfield>
  <controlfield tag="003">AR-UNSa-BCEJYS</controlfield>
  <datafield tag="040" ind1=" " ind2=" ">
    <subfield code="a">AR-UNSa-BCEJYS</subfield>
    <subfield code="b">spa</subfield>
    <subfield code="c">AR-UNSa-BCEJYS</subfield>
  </datafield>
  <datafield tag="080" ind1=" " ind2=" ">
    <subfield code="a">657</subfield>
    <subfield code="x">Contabilidad</subfield>
  </datafield>
  <datafield tag="245" ind1="1" ind2="0">
    <subfield code="a">Curso de contabilidad</subfield>
    <subfield code="p">Introducci&#xF3;n</subfield>
  </datafield>
  <datafield tag="250" ind1=" " ind2=" ">
    <subfield code="a">2a. ed</subfield>
  </datafield>
  <datafield tag="264" ind1=" " ind2="1">
    <subfield code="a">M&#xE9;xico :</subfield>
    <subfield code="b">Uni&#xF3;n Tipogr&#xE1;fica Editorial Hispano-Americana (UTEHA)</subfield>
    <subfield code="c">1963</subfield>
  </datafield>
  <datafield tag="300" ind1=" " ind2=" ">
    <subfield code="a">2v.(818; 510 p.)</subfield>
    <subfield code="c">23 cm.</subfield>
  </datafield>
  <datafield tag="505" ind1=" " ind2=" ">
    <subfield code="a">Vol. I: Teor&#xED;a y preguntas y problemas: 1. Activo, pasivo y capital - 2. Procedimientos b&#xE1;sicos para la contabilidad - 3. Cambios en el capital. Cierre de libros - 4. Ajustes por gastos e ingresos acumulados. Hojas de trabajo - 5. Ajustes por ingresos y gastos diferidos. Hojas de trabajo (continuaci&#xF3;n) - 6. Operaciones con mercanc&#xED;as - 7. Diversos aspectos de operaci&#xF3;n - 8. Organizaci&#xF3;n de los estados y del mayor. Estados clasificados - 9. Pagar&#xE9;s y aceptaciones - 10. Libros de registro original. Cuentas de control - 11. Empresas individuales. Sociedades en nombre colectivo - 12. Sociedades an&#xF3;nimas - 13. Sociedades an&#xF3;nimas (conclusi&#xF3;n) - 14. El sistema de comprobantes - 15. El efectivo - 16. Cuentas por cobrar e inversiones - 17. Contabilizaci&#xF3;n del inventario - 18. Activo fijo - 19. Pasivo - 20. Operaciones de producci&#xF3;n - 21. Contabilidad de costos - 22. Principios contables - 23. El an&#xE1;lisis de los estados financieros - 24. El estado de aplicaci&#xF3;n de fondos - 25. La contabilidad, instrumento de la administraci&#xF3;n - 26. Operaciones departamentales - 27. Consignaciones. Ventas en abonos. Sucursales - 28. Estados consolidados  - Vol. II: Soluciones a los problemas y respuestas a las preguntas.</subfield>
  </datafield>
  <datafield tag="942" ind1=" " ind2=" ">
    <subfield code="c">BK</subfield>
  </datafield>
  <datafield tag="590" ind1=" " ind2=" ">
    <subfield code="a">niveau_biblio:m niveau_hierar:0</subfield>
  </datafield>
  <datafield tag="100" ind1="1" ind2=" ">
    <subfield code="a">Finney, H.A.</subfield>
  </datafield>
  <datafield tag="700" ind1="1" ind2=" ">
    <subfield code="a">Miller, Herbert E.</subfield>
  </datafield>
  <datafield tag="700" ind1="1" ind2=" ">
    <subfield code="a">Vasquez Prada, Julian</subfield>
  </datafield>
  <datafield tag="999" ind1=" " ind2=" ">
    <subfield code="c">1670</subfield>
    <subfield code="d">1670</subfield>
  </datafield>
  <datafield tag="952" ind1=" " ind2=" ">
    <subfield code="0">0</subfield>
    <subfield code="1">0</subfield>
    <subfield code="4">0</subfield>
    <subfield code="7">0</subfield>
    <subfield code="a">BCEJYS</subfield>
    <subfield code="b">BCEJYS</subfield>
    <subfield code="c">16</subfield>
    <subfield code="d">2026-04-07</subfield>
    <subfield code="l">0</subfield>
    <subfield code="o">657 B582 v.1 2ed.</subfield>
    <subfield code="p">L22352</subfield>
    <subfield code="r">2026-04-07 15:55:54</subfield>
    <subfield code="w">2026-04-07</subfield>
    <subfield code="y">L</subfield>
  </datafield>
  <datafield tag="952" ind1=" " ind2=" ">
    <subfield code="0">0</subfield>
    <subfield code="1">0</subfield>
    <subfield code="4">0</subfield>
    <subfield code="7">0</subfield>
    <subfield code="a">BCEJYS</subfield>
    <subfield code="b">BCEJYS</subfield>
    <subfield code="c">16</subfield>
    <subfield code="d">2026-04-07</subfield>
    <subfield code="l">0</subfield>
    <subfield code="o">657 B582 v.1 2ed.</subfield>
    <subfield code="p">L24546</subfield>
    <subfield code="r">2026-04-07 15:55:54</subfield>
    <subfield code="w">2026-04-07</subfield>
    <subfield code="y">L</subfield>
  </datafield>
  <datafield tag="952" ind1=" " ind2=" ">
    <subfield code="0">0</subfield>
    <subfield code="1">0</subfield>
    <subfield code="4">0</subfield>
    <subfield code="7">0</subfield>
    <subfield code="a">BCEJYS</subfield>
    <subfield code="b">BCEJYS</subfield>
    <subfield code="c">16</subfield>
    <subfield code="d">2026-04-07</subfield>
    <subfield code="l">0</subfield>
    <subfield code="o">657 B582 v.2 2ed.</subfield>
    <subfield code="p">L22353</subfield>
    <subfield code="r">2026-04-07 15:55:54</subfield>
    <subfield code="w">2026-04-07</subfield>
    <subfield code="y">L</subfield>
  </datafield>
  <datafield tag="952" ind1=" " ind2=" ">
    <subfield code="0">0</subfield>
    <subfield code="1">0</subfield>
    <subfield code="4">0</subfield>
    <subfield code="7">0</subfield>
    <subfield code="a">BCEJYS</subfield>
    <subfield code="b">BCEJYS</subfield>
    <subfield code="c">16</subfield>
    <subfield code="d">2026-04-07</subfield>
    <subfield code="l">0</subfield>
    <subfield code="o">657 B582 v.2 2ed.</subfield>
    <subfield code="p">L24547</subfield>
    <subfield code="r">2026-04-07 15:55:54</subfield>
    <subfield code="w">2026-04-07</subfield>
    <subfield code="y">L</subfield>
  </datafield>
</record>
